Southville International School and Colleges
Your cart is empty.
  • Cart
  • Lists
    Public lists Eva Luna New books Lux_list list_1
    Your lists Log in to create your own lists
  • Log in to your account
  • Your cookies
  • Search history
Southville International School and Colleges
  • Advanced search
  • Recent comments
  • Most popular
  • Libraries

Log in to your account

Log in with GOOGLE


If you do not have an external account, but do have a local account, you can still log in:

  1. Home
  2. MARC view: Dictionary of commerce /
Normal view MARC view ISBD view

Dictionary of commerce / (Record no. 20276)

[ view plain ]
MARC details
000 -LEADER
fixed length control field 00471nam a2200169 a 4500
005 - DATE AND TIME OF LATEST TRANSACTION
control field 20140310183218.0
008 - FIXED-LENGTH DATA ELEMENTS--GENERAL INFORMATION
fixed length control field 030724s19uu xx 00 eng d
020 ## - INTERNATIONAL STANDARD BOOK NUMBER
International Standard Book Number 81-85185-12-3
050 ## - LIBRARY OF CONGRESS CALL NUMBER
Classification number HF 102
Item number .Ah285 2003
100 ## - MAIN ENTRY--PERSONAL NAME
Personal name Ahuja, B.N.
245 ## - TITLE STATEMENT
Title Dictionary of commerce /
Statement of responsibility, etc B.N. Ahuja.
260 ## - PUBLICATION, DISTRIBUTION, ETC. (IMPRINT)
Place of publication, distribution, etc New Delhi, India :
Name of publisher, distributor, etc Academic (India) Pub.,
Date of publication, distribution, etc 2003.
300 ## - PHYSICAL DESCRIPTION
Extent 372 p. :
Dimensions 20 cm.
650 ## - SUBJECT ADDED ENTRY--TOPICAL TERM
Topical term or geographic name as entry element Economics
General subdivision dictionaries
942 ## - ADDED ENTRY ELEMENTS (KOHA)
Koha item type Books
Source of classification or shelving scheme Library of Congress Classification
Holdings
Withdrawn status Lost status Source of classification or shelving scheme Damaged status Home library Current library Shelving location Date acquired Total Checkouts Full call number Barcode Date last seen Copy number Price effective from Koha item type
    Library of Congress Classification   College Library College Library Reference Section 12/16/2004   HF 102 .Ah285 2003 C3983 04/24/2017 1 10/10/2013 Books

Dictionary of commerce /

APA

Ahuja B., . (2003). Dictionary of commerce. New Delhi, India: Academic (India) Pub.

Chicago

Ahuja B.N, . 2003. Dictionary of commerce. New Delhi, India: Academic (India) Pub.

Harvard

Ahuja B., . (2003). Dictionary of commerce. New Delhi, India: Academic (India) Pub.

MLA

Ahuja B.N, . Dictionary of commerce. New Delhi, India: Academic (India) Pub. 2003.

  • Place hold
  • Print
  • Cite
  • Add to your cart (remove)
  • Save record
    BIBTEX Dublin Core MARCXML MARC (non-Unicode/MARC-8) MARC (Unicode/UTF-8) MARC (Unicode/UTF-8, Standard) MODS (XML) RIS
  • More searches
    Search for this title in:
    Other Libraries (WorldCat) Other Databases (Google Scholar) Online Stores (Bookfinder.com) Open Library (openlibrary.org)

Exporting to Dublin Core...

SOUTHVILLE LIBRARY

Southville International School and Colleges Library

1281 Tropical Ave. Cor. Luxembourg St., BF Homes International, Las Pinas City

Tel. No. 8256374 / 252358 Loc. 117/146

Powered by Koha